Lý thuyết hàm số biến phức

Uloženo v:
Podrobná bibliografie
Hlavní autor: Trần Anh Bảo
Médium: Kniha
Jazyk:Undetermined
Vydáno: Hà Nội Giáo dục 1978
Témata:
Tagy: Přidat tag
Žádné tagy, Buďte první, kdo otaguje tento záznam!
Thư viện lưu trữ: Trung tâm Học liệu Trường Đại học Cần Thơ
LEADER 00558nam a2200193Ia 4500
001 CTU_1378
008 210402s9999 xx 000 0 und d
082 |a 515.9 
082 |b B108 
100 |a Trần Anh Bảo 
245 0 |a Lý thuyết hàm số biến phức 
245 0 |c Trần Anh Bảo 
260 |a Hà Nội 
260 |b Giáo dục 
260 |c 1978 
526 |a Hàm phức 
526 |b SP115 
650 |a functional analysis,functions of complex variables 
980 |a Trung tâm Học liệu Trường Đại học Cần Thơ